[Event "HUN-chT2 Breyer 1112"]
[Site "Hungary"]
[Date "2012.05.20"]
[Round "11.7"]
[White "Sopow, Tamas"]
[Black "Sinka, Csaba"]
[Result "0-1"]
[WhiteElo "1821"]
[BlackElo "2024"]
[PlyCount "76"]
[EventDate "2011.09.25"]
[EventType "team-tourn"]
[EventRounds "11"]
[EventCountry "HUN"]
[SourceTitle "EXT 2013"]
[Source "ChessBase"]
[SourceDate "2012.11.22"]
[SourceVersion "1"]
[SourceVersionDate "2012.11.22"]
[SourceQuality "1"]
[WhiteTeam "Turul"]
[BlackTeam "Szazhalombatta"]
[WhiteTeamCountry "HUN"]
[BlackTeamCountry "HUN"]

1. d4 c5 2. e3 e6 3. Nf3 Nf6 4. c4 Be7 5. Nc3 0-0 6. Bd3 a6 7. 0-0 d5 8. a3 cxd4 9. Nxd4 dxc4 10. Bxc4 b5 11. Be2 Ra7 12. b4 e5 13. Nb3 Rd7 14. Qc2 Qb6 15. Bb2 Bb7 16. Rac1 Rc8 17. Qb1 Qe6 18. Na5 Ba8 19. Rfd1 Rxd1+ 20. Bxd1 Rd8 21. Qc2 Nbd7 22. Ne2 Bd6 23. Ng3 g6 24. Nc6 Re8 25. Qb3 Qxb3 26. Bxb3 Kf8 27. Bd1 h5 28. Bf3 Nb6 29. Na5 Bxf3 30. gxf3 Rc8 31. Rxc8+ Nxc8 32. Nc6 Nd7 33. Ne4 f6 34. Kg2 Kf7 35. Na7 Ndb6 36. Nxc8 Nxc8 37. f4 Ke6 38. fxe5 fxe5 0-1

[Event "HUN-chT2 Breyer 1112"]
[Site "Hungary"]
[Date "2012.04.22"]
[Round "9.7"]
[White "Kovacs, Milan"]
[Black "Sinka, Csaba"]
[Result "0-1"]
[WhiteElo "2037"]
[BlackElo "2024"]
[PlyCount "118"]
[EventDate "2011.09.25"]
[EventType "team-tourn"]
[EventRounds "11"]
[EventCountry "HUN"]
[SourceTitle "EXT 2013"]
[Source "ChessBase"]
[SourceDate "2012.11.22"]
[SourceVersion "1"]
[SourceVersionDate "2012.11.22"]
[SourceQuality "1"]
[WhiteTeam "Kisber Aszar"]
[BlackTeam "Szazhalombatta"]
[WhiteTeamCountry "HUN"]
[BlackTeamCountry "HUN"]

1. e4 e5 2. Nc3 Bc5 3. Nf3 d6 4. Bc4 Nf6 5. d3 a5 6. a4 c6 7. Bg5 h6 8. Bh4 Nbd7 9. 0-0 Qb6 10. Qd2 0-0 11. Ne2 Re8 12. c3 d5 13. exd5 cxd5 14. Bb5 Bf8 15. Bxf6 Qxf6 16. d4 e4 17. Ne5 Re7 18. Ng4 Qh4 19. Ne3 Nf6 20. Ng3 Qg5 21. Qc2 h5 22. h4 Qf4 23. Be2 g6 24. c4 dxc4 25. Nxc4 Be6 26. Ne5 Rc8 27. Qd1 Qxh4 28. Rc1 Rec7 29. Qd2 b6 30. Rxc7 Rxc7 31. Rc1 Bb4 32. Qe3 Nd5 33. Qh6 Rxc1+ 34. Qxc1 e3 35. Nf3 Qf4 36. Qc2 exf2+ 37. Kxf2 Qe3+ 38. Kf1 Qxf3+ 39. Bxf3 Ne3+ 40. Ke2 Nxc2 41. d5 Nd4+ 42. Ke3 Nf5+ 43. Nxf5 Bxf5 44. Kd4 Kf8 45. Ke5 Ke7 46. Kf4 f6 47. Ke3 Kd6 48. Kd4 Bc2 49. Kc4 Bxa4 50. b3 b5+ 51. Kd4 Bxb3 52. g4 hxg4 53. Bxg4 Bxd5 54. Be2 Bc5+ 55. Kc3 b4+ 56. Kb2 a4 57. Bd3 a3+ 58. Kb1 a2+ 59. Kb2 Bd4+ 0-1

[Event "HUN-chT2 Breyer 1112"]
[Site "Hungary"]
[Date "2012.03.11"]
[Round "7.7"]
[White "Kajzinger, Robert"]
[Black "Sinka, Csaba"]
[Result "1/2-1/2"]
[WhiteElo "2021"]
[BlackElo "2024"]
[PlyCount "28"]
[EventDate "2011.09.25"]
[EventType "team-tourn"]
[EventRounds "11"]
[EventCountry "HUN"]
[SourceTitle "EXT 2013"]
[Source "ChessBase"]
[SourceDate "2012.11.22"]
[SourceVersion "1"]
[SourceVersionDate "2012.11.22"]
[SourceQuality "1"]
[WhiteTeam "Zsambek"]
[BlackTeam "Szazhalombatta"]
[WhiteTeamCountry "HUN"]
[BlackTeamCountry "HUN"]

1. d4 g6 2. e4 Bg7 3. Be3 c5 4. c3 Nf6 5. Nd2 cxd4 6. cxd4 0-0 7. Bd3 Nc6 8. f3 b6 9. Ne2 a5 10. a3 d5 11. e5 Ne8 12. Rc1 Bd7 13. Nc3 Be6 14. 0-0 Nxe5 1/2-1/2

[Event "HUN-chT2 Breyer 1011"]
[Site "Hungary"]
[Date "2011.03.27"]
[Round "7.5"]
[White "Toth, Istvan"]
[Black "Sinka, Csaba"]
[Result "1-0"]
[WhiteElo "2142"]
[BlackElo "2030"]
[PlyCount "159"]
[EventDate "2010.09.12"]
[EventType "team-tourn"]
[EventRounds "11"]
[EventCountry "HUN"]
[SourceTitle "EXT 2012"]
[Source "ChessBase"]
[SourceDate "2011.11.24"]
[SourceVersion "1"]
[SourceVersionDate "2011.11.24"]
[SourceQuality "1"]
[WhiteTeam "Zoltek"]
[BlackTeam "Szazhalombatta"]
[WhiteTeamCountry "HUN"]
[BlackTeamCountry "HUN"]

1. d4 d6 2. Nf3 g6 3. Bf4 Bg7 4. c3 Nf6 5. Qc1 Ne4 6. Bh6 0-0 7. Bxg7 Kxg7 8. Qf4 f5 9. h4 h5 10. Nbd2 Nf6 11. e3 Nc6 12. Bc4 Qe8 13. Bb5 Bd7 14. Bxc6 Bxc6 15. c4 e6 16. 0-0 a5 17. Rfe1 Ne4 18. Qh2 Nxd2 19. Nxd2 e5 20. f4 e4 21. d5 Bd7 22. Nb3 a4 23. Nd4 c5 24. dxc6 bxc6 25. g3 Qe7 26. Qd2 Qf6 27. Red1 Kf7 28. Rac1 Ke7 29. c5 d5 30. b3 axb3 31. axb3 Rfb8 32. Ra1 Qf8 33. Qc3 Kf7 34. b4 Rb7 35. Rxa8 Qxa8 36. Ra1 Qb8 37. Ra4 Be8 38. Kh2 Ra7 39. Qa1 Rxa4 40. Qxa4 Qb7 41. Qa5 Ke7 42. Kg2 Bd7 43. Kf2 Be8 44. Ke1 Bd7 45. Kd2 Be8 46. Kc3 Bd7 47. Kb3 Be8 48. Qa1 Bd7 49. Qa5 Be8 50. Ne2 Bd7 51. Nd4 Be8 52. Kc3 Bd7 53. Kb2 Be8 54. Kb3 Bd7 55. Ne2 Be8 56. Ng1 Bf7 57. Kc3 Qb8 58. Ne2 Be8 59. Nd4 Qb7 60. Kd2 Bd7 61. Ke1 Be8 62. Kf2 Bd7 63. Kg1 Be8 64. Kg2 Bd7 65. Kh3 Be8 66. Ne2 Bd7 67. Kh2 Qb8 68. Kh3 Qb7 69. Nd4 Be8 70. Nc2 Bd7 71. Qa1 Qb5 72. Qe5+ Kd8 73. Qh8+ Kc7 74. Qa1 Qe2 75. Nd4 Qxe3 76. Qa5+ Kc8 77. Qa8+ Kc7 78. b5 cxb5 79. c6 Bxc6 80. Qxc6+ 1-0

[Event "HUN-chT2 Breyer 1011"]
[Site "Hungary"]
[Date "2010.11.07"]
[Round "5.7"]
[White "Zoldi, Zoltan"]
[Black "Sinka, Csaba"]
[Result "1-0"]
[WhiteElo "2180"]
[BlackElo "2030"]
[PlyCount "81"]
[EventDate "2010.09.12"]
[EventType "team-tourn"]
[EventRounds "11"]
[EventCountry "HUN"]
[SourceTitle "EXT 2012"]
[Source "ChessBase"]
[SourceDate "2011.11.24"]
[SourceVersion "1"]
[SourceVersionDate "2011.11.24"]
[SourceQuality "1"]
[WhiteTeam "Gyor Elektromos"]
[BlackTeam "Szazhalombatta"]
[WhiteTeamCountry "HUN"]
[BlackTeamCountry "HUN"]

1. Nf3 c5 2. c4 g6 3. Nc3 Bg7 4. g3 Nc6 5. Bg2 e5 6. 0-0 Nge7 7. Ne1 0-0 8. Nc2 d6 9. a3 Be6 10. Ne3 Rb8 11. Rb1 a5 12. Ned5 h6 13. d3 Kh7 14. Bd2 f5 15. b4 b6 16. bxc5 bxc5 17. Nxe7 Rxb1 18. Qxb1 Nxe7 19. Qc2 Bd7 20. Nb5 Bc6 21. Qa4 Bxg2 22. Kxg2 Nc6 23. f3 f4 24. g4 h5 25. gxh5 Qg5+ 26. Kh1 Qxh5 27. Nxd6 Nd4 28. Qd1 Bf6 29. Rg1 Bh4 30. Rg2 Rd8 31. Ne4 Kg7 32. Bxa5 Rh8 33. Be1 Nf5 34. Bxh4 Qxh4 35. Qg1 Rh6 36. Qxc5 Ne3 37. Qxe5+ Kf8 38. Qd6+ Ke8 39. Nf6+ Kf7 40. Ng4 Nxg4 41. Qd7+ 1-0

[Event "HUN-chT2 Breyer 1011"]
[Site "Hungary"]
[Date "2010.10.10"]
[Round "3.7"]
[White "Pram, Imre"]
[Black "Sinka, Csaba"]
[Result "1/2-1/2"]
[WhiteElo "2071"]
[BlackElo "2030"]
[PlyCount "66"]
[EventDate "2010.09.12"]
[EventType "team-tourn"]
[EventRounds "11"]
[EventCountry "HUN"]
[SourceTitle "EXT 2012"]
[Source "ChessBase"]
[SourceDate "2011.11.24"]
[SourceVersion "1"]
[SourceVersionDate "2011.11.24"]
[SourceQuality "1"]
[WhiteTeam "Gyor Komszomol"]
[BlackTeam "Szazhalombatta"]
[WhiteTeamCountry "HUN"]
[BlackTeamCountry "HUN"]

1. e4 c5 2. b4 d5 3. exd5 Qxd5 4. Bb2 cxb4 5. a3 Nf6 6. axb4 Qe4+ 7. Be2 Qxb4 8. Ba3 Qb6 9. Nf3 Nc6 10. 0-0 e5 11. Bxf8 Kxf8 12. Na3 e4 13. Nc4 Qc7 14. Ne1 Be6 15. Ne3 Ke7 16. f4 exf3 17. Nxf3 h6 18. d4 Rhd8 19. c4 Qf4 20. Nc2 Bf5 21. Bd3 Bxd3 22. Qxd3 Kf8 23. d5 Ne5 24. Nxe5 Qxe5 25. Rae1 Qd6 26. Nd4 Re8 27. Nf5 Qc5+ 28. Kh1 Rxe1 29. Rxe1 Ng4 30. Qg3 Nf2+ 31. Kg1 Nh3+ 32. Kh1 Nf2+ 33. Kg1 Nh3+ 1/2-1/2

[Event "HUN-chT2 Breyer 1011"]
[Site "Hungary"]
[Date "2010.09.26"]
[Round "2.7"]
[White "Sinka, Csaba"]
[Black "Horkai, Andras"]
[Result "1-0"]
[WhiteElo "2030"]
[BlackElo "2023"]
[PlyCount "47"]
[EventDate "2010.09.12"]
[EventType "team-tourn"]
[EventRounds "11"]
[EventCountry "HUN"]
[SourceTitle "EXT 2012"]
[Source "ChessBase"]
[SourceDate "2011.11.24"]
[SourceVersion "1"]
[SourceVersionDate "2011.11.24"]
[SourceQuality "1"]
[WhiteTeam "Szazhalombatta"]
[BlackTeam "Vizugy"]
[WhiteTeamCountry "HUN"]
[BlackTeamCountry "HUN"]

1. e4 c5 2. d4 cxd4 3. c3 dxc3 4. Nxc3 Nc6 5. Nf3 g6 6. Bc4 Bg7 7. e5 Bxe5 8. Bxf7+ Kxf7 9. Nxe5+ Nxe5 10. Qd5+ e6 11. Qxe5 Qf6 12. Qg3 Qf5 13. 0-0 Nf6 14. Re1 h5 15. Re5 h4 16. Qe3 Qg4 17. h3 Qc4 18. Rc5 Qa6 19. Qf3 Kg7 20. Bg5 Ne8 21. Ne4 d6 22. Rc7+ Nxc7 23. Qf6+ Kg8 24. Qd8+ 1-0

[Event "HUN-chT2 Barcza 0809"]
[Site "Hungary"]
[Date "2009.03.08"]
[Round "9.6"]
[White "Neuberger, Attila"]
[Black "Sinka, Csaba"]
[Result "1-0"]
[WhiteElo "2019"]
[BlackElo "2083"]
[PlyCount "37"]
[EventDate "2008.10.26"]
[EventType "team-tourn"]
[EventRounds "11"]
[EventCountry "HUN"]
[SourceTitle "EXT 2010"]
[Source "ChessBase"]
[SourceDate "2010.11.25"]
[SourceVersion "1"]
[SourceVersionDate "2010.11.25"]
[SourceQuality "1"]
[WhiteTeam "Kazincbarcika II"]
[BlackTeam "Tiszavasvar"]
[WhiteTeamCountry "HUN"]
[BlackTeamCountry "HUN"]

1. c4 c6 2. e4 d5 3. cxd5 cxd5 4. exd5 Nf6 5. Bc4 Nxd5 6. Nc3 e6 7. d4 Be7 8. Nf3 0-0 9. 0-0 a6 10. Re1 Nxc3 11. bxc3 b5 12. Bb3 Bb7 13. Bf4 Nd7 14. Qe2 Nb6 15. Ne5 Bd5 16. Bc2 g6 17. Bh6 Re8 18. Qg4 Nd7 19. Bxg6 1-0

[Event "HUN-chT2 Barcza 0708"]
[Site "Hungary"]
[Date "2008.04.27"]
[Round "10"]
[White "Csatlos, Bela"]
[Black "Sinka, Csaba"]
[Result "1/2-1/2"]
[WhiteElo "2121"]
[BlackElo "2101"]
[PlyCount "69"]
[EventDate "2007.10.14"]
[EventType "team"]
[EventRounds "11"]
[EventCountry "HUN"]
[SourceTitle "EXT 2009"]
[Source "ChessBase"]
[SourceDate "2008.11.26"]
[SourceVersion "1"]
[SourceVersionDate "2008.11.26"]
[SourceQuality "1"]
[WhiteTeam "Kazincbarcika II"]
[BlackTeam "Tiszavasvar"]
[WhiteTeamCountry "HUN"]
[BlackTeamCountry "HUN"]

1. d4 Nf6 2. Nf3 d5 3. Bf4 c5 4. e3 Nc6 5. c3 Qb6 6. Qb3 Bf5 7. dxc5 Qxc5 8. Qxb7 Rc8 9. Nd4 Bd7 10. Bb5 Nxd4 11. Bxd7+ Nxd7 12. exd4 Qc6 13. Qxc6 Rxc6 14. 0-0 Rb6 15. b3 g6 16. Nd2 Bg7 17. Nf3 0-0 18. c4 dxc4 19. bxc4 Rc8 20. c5 Rb4 21. Rab1 Ra4 22. Rb7 Nxc5 23. dxc5 Rxf4 24. Rc1 a5 25. a3 Bh6 26. Rc2 Ra4 27. g3 Rxa3 28. c6 Ra1+ 29. Kg2 Rc1 30. Rxc1 Bxc1 31. c7 Kg7 32. Nd4 Ba3 33. Nb5 Bd6 34. Ra7 Kf6 35. Rxa5 1/2-1/2

[Event "HUN-chT2 Barcza 0708"]
[Site "Hungary"]
[Date "2008.03.30"]
[Round "9"]
[White "Hajbok, Robert"]
[Black "Sinka, Csaba"]
[Result "1-0"]
[WhiteElo "2152"]
[BlackElo "2101"]
[PlyCount "52"]
[EventDate "2007.10.14"]
[EventType "team"]
[EventRounds "11"]
[EventCountry "HUN"]
[SourceTitle "EXT 2009"]
[Source "ChessBase"]
[SourceDate "2008.11.26"]
[SourceVersion "1"]
[SourceVersionDate "2008.11.26"]
[SourceQuality "1"]
[WhiteTeam "DEAC"]
[BlackTeam "Tiszavasvar"]
[WhiteTeamCountry "HUN"]
[BlackTeamCountry "HUN"]

1. Nf3 d5 2. g3 Nf6 3. Bg2 c5 4. 0-0 Nc6 5. d3 e5 6. Nbd2 Bd6 7. e4 d4 8. a4 h6 9. Nc4 Qc7 10. Ne1 g5 11. f4 gxf4 12. gxf4 Bg4 13. Qd2 Nd7 14. Qf2 0-0-0 15. h3 Bh5 16. Qh4 Bg6 17. f5 Be7 18. Qf2 Bh5 19. Bd2 Rdg8 20. Kh2 Qd8 21. Nf3 Bxf3 22. Qxf3 Bh4 23. Nd6+ Kb8 24. Nxf7 Qf6 25. Nxh8 Rg3 26. Qh5 Qg7 1-0

[Event "HUN-chT2 Barcza 0708"]
[Site "Hungary"]
[Date "2008.03.16"]
[Round "8"]
[White "Sinka, Csaba"]
[Black "Dani, Peter"]
[Result "1/2-1/2"]
[WhiteElo "2101"]
[BlackElo "2166"]
[PlyCount "55"]
[EventDate "2007.10.14"]
[EventType "team"]
[EventRounds "11"]
[EventCountry "HUN"]
[SourceTitle "EXT 2009"]
[Source "ChessBase"]
[SourceDate "2008.11.26"]
[SourceVersion "1"]
[SourceVersionDate "2008.11.26"]
[SourceQuality "1"]
[WhiteTeam "Tiszavasvar"]
[BlackTeam "Lokomotiv"]
[WhiteTeamCountry "HUN"]
[BlackTeamCountry "HUN"]

1. d4 Nf6 2. Nf3 c5 3. e3 e6 4. Bd3 Nc6 5. c3 d5 6. Ne5 Nxe5 7. dxe5 Nd7 8. f4 f5 9. Nd2 Qa5 10. g4 c4 11. Bc2 Nc5 12. gxf5 exf5 13. Nf3 Be7 14. Nd4 Bh4+ 15. Kf1 g6 16. Nxf5 Bxf5 17. Bxf5 gxf5 18. Qh5+ Kd7 19. Qxh4 Nb3 20. Rg1 Rae8 21. Rg7+ Kc8 22. Rb1 Qxa2 23. Qf6 Qxb1 24. Qd6 Qxc1+ 25. Kg2 Qd2+ 26. Kf3 Qd1+ 27. Kf2 Qd2+ 28. Kf3 1/2-1/2

[Event "HUN-chT2 Barcza 0708"]
[Site "Hungary"]
[Date "2007.12.16"]
[Round "5"]
[White "Kovacs, Laszlo2222"]
[Black "Sinka, Csaba"]
[Result "1/2-1/2"]
[WhiteElo "2100"]
[BlackElo "2101"]
[PlyCount "35"]
[EventDate "2007.10.14"]
[EventType "team"]
[EventRounds "11"]
[EventCountry "HUN"]
[SourceTitle "EXT 2009"]
[Source "ChessBase"]
[SourceDate "2008.11.26"]
[SourceVersion "1"]
[SourceVersionDate "2008.11.26"]
[SourceQuality "1"]
[WhiteTeam "Miskolc II"]
[BlackTeam "Tiszavasvar"]
[WhiteTeamCountry "HUN"]
[BlackTeamCountry "HUN"]

1. e4 e5 2. Nf3 Nc6 3. c3 Nf6 4. d3 d5 5. exd5 Qxd5 6. Be2 Be7 7. 0-0 0-0 8. h3 a5 9. a4 Bf5 10. Nh4 Be6 11. Nf3 Rad8 12. c4 Qd7 13. Qb3 Bc5 14. Be3 Bxe3 15. fxe3 e4 16. Ne1 exd3 17. Nxd3 Ne4 18. Nf4 1/2-1/2

[Event "HUN-chT2 Barcza 0607"]
[Site "Hungary"]
[Date "2007.04.15"]
[Round "8"]
[White "Lorincz, Otto"]
[Black "Sinka, Csaba"]
[Result "1/2-1/2"]
[WhiteElo "2038"]
[BlackElo "2149"]
[PlyCount "148"]
[EventDate "2006.11.12"]
[EventType "team"]
[EventRounds "11"]
[EventCountry "HUN"]
[SourceTitle "EXT 2008"]
[Source "ChessBase"]
[SourceDate "2007.11.25"]
[SourceVersion "1"]
[SourceVersionDate "2007.11.25"]
[SourceQuality "1"]
[WhiteTeam "Tiszaujvaros"]
[BlackTeam "Tiszavasvar"]
[WhiteTeamCountry "HUN"]
[BlackTeamCountry "HUN"]

1. e4 g6 2. Nf3 Bg7 3. d4 d6 4. h3 Nf6 5. Nc3 0-0 6. Bd3 Nc6 7. Be3 e5 8. d5 Ne7 9. Qd2 c6 10. dxc6 bxc6 11. 0-0 d5 12. Bc5 Qc7 13. Qe2 d4 14. Na4 Nh5 15. Kh2 Nf4 16. Qd2 h6 17. Qb4 Re8 18. Bd6 Qd7 19. Rh1 c5 20. Bxc5 Nc6 21. Qd2 Nxh3 22. Bb5 Nf4 23. Ne1 Rb8 24. Bf1 Nd8 25. b3 Nde6 26. g3 Nh5 27. Bg2 Qc6 28. Bb4 Ba6 29. Nd3 Ng5 30. Rhe1 Bxd3 31. cxd3 Rxb4 32. Qxb4 Qc2 33. Rf1 Qxd3 34. Qc4 Nf3+ 35. Bxf3 Qxf3 36. Rae1 Nf6 37. Qe2 Qh5+ 38. Qxh5 Nxh5 39. Nb2 f5 40. Nc4 fxe4 41. Rxe4 Nf6 42. Ree1 e4 43. Kg2 Re6 44. Re2 d3 45. Rd2 Nd5 46. Rdd1 Nb4 47. a3 Nc2 48. Rc1 h5 49. Rxc2 dxc2 50. Rc1 Kf7 51. Rxc2 Kf6 52. Rd2 Bf8 53. Rd5 Bh6 54. a4 e3 55. fxe3 Bxe3 56. Kf3 Bg1 57. b4 Rc6 58. Rd6+ Rxd6 59. Nxd6 Ke5 60. Nc8 g5 61. a5 a6 62. Ne7 g4+ 63. Ke2 Kd6 64. Ng6 Bd4 65. Nf4 Bc3 66. Nxh5 Bxb4 67. Nf6 Bxa5 68. Nxg4 Ke6 69. Kd3 Bc7 70. Kc4 Bxg3 71. Ne3 Bd6 72. Kb3 Ke5 73. Nc4+ Kd5 74. Nxd6 Kxd6 1/2-1/2

[Event "HUN-chT2 Barcza 0607"]
[Site "Hungary"]
[Date "2006.11.26"]
[Round "2"]
[White "Peredy, Ferenc"]
[Black "Sinka, Csaba"]
[Result "1/2-1/2"]
[WhiteElo "2306"]
[BlackElo "2149"]
[PlyCount "80"]
[EventDate "2006.11.12"]
[EventType "team"]
[EventRounds "11"]
[EventCountry "HUN"]
[SourceTitle "EXT 2008"]
[Source "ChessBase"]
[SourceDate "2007.11.25"]
[SourceVersion "1"]
[SourceVersionDate "2007.11.25"]
[SourceQuality "1"]
[WhiteTeam "Hajduszoboszlo"]
[BlackTeam "Tiszavasvar"]
[WhiteTeamCountry "HUN"]
[BlackTeamCountry "HUN"]

1. d4 Nf6 2. c4 c6 3. Nf3 d5 4. Nc3 e6 5. Bg5 Nbd7 6. e3 Be7 7. Bd3 h6 8. Bh4 b6 9. Rc1 0-0 10. 0-0 dxc4 11. Bxc4 Bb7 12. Qe2 Nd5 13. Bg3 Nxc3 14. bxc3 b5 15. Bb3 a6 16. Rfd1 Qb6 17. c4 c5 18. Ne5 Rad8 19. cxb5 axb5 20. Qb2 c4 21. Nxd7 Qc6 22. f3 Qxd7 23. Bc2 Ra8 24. Rb1 b4 25. Be1 c3 26. Bxc3 Bxf3 27. gxf3 bxc3 28. Qxc3 Rxa2 29. Rd2 g6 30. Be4 Rc8 31. Qd3 Ra3 32. Rb3 Rc1+ 33. Rd1 Raa1 34. Rxc1 Rxc1+ 35. Kg2 Kg7 36. Rb7 Qa4 37. Qd2 Ra1 38. Rb1 Ra2 39. Rb2 Ra3 40. f4 Ra1 1/2-1/2

[Event "HUN-chT2 Barcza 0506"]
[Site "Hungary"]
[Date "2005.10.16"]
[Round "1"]
[White "Pozsonyi, Istvan"]
[Black "Sinka, Csaba"]
[Result "1/2-1/2"]
[WhiteElo "2107"]
[BlackElo "2128"]
[PlyCount "56"]
[EventDate "2005.10.16"]
[EventType "team"]
[EventRounds "11"]
[EventCountry "HUN"]
[SourceTitle "EXT 2009"]
[Source "ChessBase"]
[SourceDate "2008.11.26"]
[SourceVersion "1"]
[SourceVersionDate "2008.11.26"]
[SourceQuality "1"]
[WhiteTeam "Piremon II"]
[BlackTeam "Tiszavasvar"]
[WhiteTeamCountry "HUN"]
[BlackTeamCountry "HUN"]

1. Nf3 d5 2. d4 Nf6 3. c4 e6 4. Nc3 c6 5. e3 Bd6 6. Bd3 Nbd7 7. 0-0 0-0 8. e4 dxe4 9. Nxe4 Nxe4 10. Bxe4 h6 11. Bd2 e5 12. Bc3 f5 13. Bc2 e4 14. Ne5 Nxe5 15. dxe5 Be7 16. Qe2 Be6 17. Kh1 Qe8 18. Rae1 Qf7 19. b3 a5 20. f3 exf3 21. Rxf3 Qh5 22. Qf2 Bh4 23. g3 Be7 24. Rf1 Bb4 25. Bxb4 axb4 26. Bxf5 Rxf5 27. Rxf5 Bxf5 28. Qxf5 Qxf5 1/2-1/2

[Event "HUN-chT2 Barcza 0405"]
[Site "Hungary"]
[Date "2005.04.24"]
[Round "11"]
[White "Szilagyi, Gyula"]
[Black "Sinka, Csaba"]
[Result "1/2-1/2"]
[WhiteElo "1936"]
[BlackElo "2063"]
[PlyCount "31"]
[EventDate "2004.09.26"]
[EventType "team"]
[EventRounds "11"]
[EventCountry "HUN"]
[SourceTitle "EXT 2009"]
[Source "ChessBase"]
[SourceDate "2008.11.26"]
[SourceVersion "1"]
[SourceVersionDate "2008.11.26"]
[SourceQuality "1"]
[WhiteTeam "Tiszaujvaros"]
[BlackTeam "Tiszavasvar"]
[WhiteTeamCountry "HUN"]
[BlackTeamCountry "HUN"]

1. e4 c5 2. d3 Nc6 3. Nf3 g6 4. Qe2 Bg7 5. g3 d6 6. h4 Bg4 7. Bh3 Nd4 8. Nxd4 Bxe2 9. Nxe2 Qb6 10. c3 e6 11. 0-0 Nf6 12. Nd2 0-0 13. Nf3 Qa6 14. Rd1 Nxe4 15. Bf1 Nf6 16. Nh2 1/2-1/2

[Event "HUN-chT2 Barcza 0405"]
[Site "Hungary"]
[Date "2004.12.05"]
[Round "4"]
[White "Cozma Callini, Adrian"]
[Black "Sinka, Csaba"]
[Result "1-0"]
[WhiteElo "2095"]
[BlackElo "2063"]
[PlyCount "35"]
[EventDate "2004.09.26"]
[EventType "team"]
[EventRounds "11"]
[EventCountry "HUN"]
[SourceTitle "EXT 2009"]
[Source "ChessBase"]
[SourceDate "2008.11.26"]
[SourceVersion "1"]
[SourceVersionDate "2008.11.26"]
[SourceQuality "1"]
[WhiteTeam "Puspokladany"]
[BlackTeam "Tiszavasvar"]
[WhiteTeamCountry "HUN"]
[BlackTeamCountry "HUN"]

1. c4 e5 2. Nc3 f5 3. g3 Nf6 4. Bg2 c6 5. d4 d6 6. dxe5 dxe5 7. Qxd8+ Kxd8 8. Bg5 Be6 9. Nf3 Nbd7 10. 0-0-0 Kc7 11. Bxf6 gxf6 12. b3 Bh6+ 13. Kb2 f4 14. Ne4 Rae8 15. Nd6 Re7 16. Nh4 Bf8 17. Nhf5 Rg7 18. Ne8+ 1-0

[Event "HUN-chT2 Barcza 0304"]
[Site "Hungary"]
[Date "2004.04.04"]
[Round "10"]
[White "Sinka, Csaba"]
[Black "Nagy, Kalman"]
[Result "0-1"]
[WhiteElo "1969"]
[BlackElo "2151"]
[PlyCount "93"]
[EventDate "2003.08.29"]
[EventType "team"]
[EventRounds "11"]
[EventCountry "HUN"]
[SourceTitle "EXT 2009"]
[Source "ChessBase"]
[SourceDate "2008.11.26"]
[SourceVersion "1"]
[SourceVersionDate "2008.11.26"]
[SourceQuality "1"]
[WhiteTeam "Tiszavasvar"]
[BlackTeam "Kazincbarcika"]
[WhiteTeamCountry "HUN"]
[BlackTeamCountry "HUN"]

1. e4 e5 2. Nf3 Nc6 3. Bb5 f5 4. 0-0 fxe4 5. Bxc6 bxc6 6. Nxe5 Nf6 7. Nc3 Bd6 8. Ng4 0-0 9. Qe2 Qe8 10. Nxf6+ Rxf6 11. Nxe4 Re6 12. Qc4 Bxh2+ 13. Kxh2 d5 14. Qc3 Rxe4 15. f4 Bd7 16. b3 Qh5+ 17. Kg1 Rae8 18. Bb2 Qg4 19. Rf3 Kh8 20. Raf1 d4 21. Qd3 c5 22. b4 Re2 23. Rg3 c4 24. Qa3 R8e3 25. Qxe3 dxe3 26. Rxg4 Bxg4 27. dxe3 Rxc2 28. Rf2 Be2 29. Bd4 Rxa2 30. f5 Kg8 31. f6 gxf6 32. Rxf6 Bd3 33. Rc6 Rxg2+ 34. Kxg2 Be4+ 35. Kf2 Bxc6 36. Bxa7 c3 37. Ke2 Be4 38. Kd1 c6 39. Bd4 c2+ 40. Kd2 Kf7 41. Bb2 Ke6 42. Ke2 Kd5 43. Kf2 Kc4 44. Kg3 Kxb4 45. Kf4 Bg6 46. Bc1 Kb3 47. e4 0-1

[Event "HUN-chT2 Breyer 0203"]
[Site "Hungary"]
[Date "2003.02.16"]
[Round "7"]
[White "Geszler, Tamas"]
[Black "Sinka, Csaba"]
[Result "0-1"]
[WhiteElo "1950"]
[BlackElo "2006"]
[PlyCount "62"]
[EventDate "2002.09.22"]
[EventType "team"]
[EventRounds "11"]
[EventCountry "HUN"]
[SourceTitle "EXT 2009"]
[Source "ChessBase"]
[SourceDate "2008.11.26"]
[SourceVersion "1"]
[SourceVersionDate "2008.11.26"]
[SourceQuality "1"]

1. e4 c5 2. Nf3 d6 3. d4 cxd4 4. Nxd4 Nf6 5. Nc3 a6 6. Be2 e5 7. Nf3 Be6 8. Ng5 Nc6 9. Nxe6 fxe6 10. Bc4 Nd4 11. a3 d5 12. Bd3 Bc5 13. Be3 0-0 14. 0-0 b5 15. exd5 exd5 16. b4 Bb6 17. a4 Rc8 18. Ne2 Nc6 19. Bxb6 Qxb6 20. axb5 axb5 21. Bf5 Rc7 22. Be6+ Kh8 23. c3 Nxb4 24. cxb4 Qxe6 25. Ra5 Qb6 26. Qd3 Rc4 27. Qd2 h6 28. h3 Ne4 29. Qb2 Nxf2 30. Nd4 Rxd4 31. Raa1 Rdf4 0-1